000 00637nam a2200241Ia 4500
003 OSt
005 20220918173246.0
006 a|||||r|||| 00| 0
007 ta
008 220917b |||||||| |||| 00| 0 eng d
024 _a5,878
037 _cTextual
040 _aARTS
_cARTS
_beng
041 _2eng
_aeng
082 _a22oj3, N1 (2D)
100 _aEsperanza M.
_924999
245 0 _aPublic and academic libraries
260 _aJaipur
_bPrintwell
_c1991
300 _a177p Bibliography
_ccm.
650 _aLIBRARY SCIENCE
942 _h22oj3, N1 (2D)
_cTEXL
_2CC
999 _c147887
_d147887